000 00706cab a2200229 4500
001 WB3226-12
008 090401t1996 xxu||||| |||| 00| 0 eng d
035 _a(Sirsi) u44796
041 _aeng
245 _a£2bn Euro cash regional funding
260 _c1996
350 _a0
490 _aDepartment of Trade and Industry Press Notice
_v(P/96/514) 3 July 1996, (3)
520 _aStates how Objective 2 money for 1997-99 will be allocated to UK and Gibraltar regions. Table by region.
650 _aEUROPEAN UNION FUNDING
650 _aGRANTS
650 _aOBJECTIVE 2
650 _aSTRUCTURAL FUNDS
690 _aPROPERTY-PROPERTY FINANCE AND INVESTMENT
942 _n0
948 _c04/03/1997
999 _c28464
_d28464